| 000 | 00326nam a22001217a 4500 | ||
|---|---|---|---|
| 020 | _a0-89116-451-0 | ||
| 082 | _a621.4025 HEA'P | ||
| 100 |
_aPALEN, J.W _976410 |
||
| 245 | _aHEAT EXCHANGER SOURCEBOOK,HEAR EXCHANGERS-ADDRESSES,ESSAYS,LECTURES | ||
| 260 |
_aWASHINGTON _bHEMISPHERE _c1986 |
||
| 300 | _aXIII,805P | ||
| 942 | _cBK | ||
| 999 |
_c581801 _d581801 |
||